कला- आलोचना के आयाम/ (Record no. 210844)
[ view plain ]
| 000 -LEADER | |
|---|---|
| fixed length control field | 00958nam a22001937a 4500 |
| 005 - DATE AND TIME OF LATEST TRANSACTION | |
| control field | 20250407114320.0 |
| 010 ## - LCCN (DPL NO) | |
| LC control number | HIN-129637 |
| 020 ## - INTERNATIONAL STANDARD BOOK NUMBER | |
| International Standard Book Number | 9789357376617 |
| Terms of availability | 500.00 |
| 035 ## - SYSTEM CONTROL NUMBER | |
| System control number | HN-101983 |
| 037 ## - SOURCE OF ACQUISITION | |
| Source of stock number/acquisition | DBAD |
| 082 ## - DEWEY DECIMAL CLASSIFICATION NUMBER | |
| Classification number | 709.54 |
| 100 ## - MAIN ENTRY--PERSONAL NAME | |
| Personal name | राजाराम |
| 245 ## - TITLE STATEMENT | |
| Title | कला- आलोचना के आयाम/ |
| Statement of responsibility, etc | प्रो.राजाराम, बिनय षड़गी राजाराम. |
| 260 ## - PUBLICATION, DISTRIBUTION, ETC. (IMPRINT) | |
| Place of publication, distribution, etc | भोपाल |
| Name of publisher, distributor, etc | सप्तवाणी |
| Date of publication, distribution, etc | 2023 |
| 270 ## - ADDRESS | |
| Address | सूर्या परिसर, सर्वधर्म सी- सेक्टर, कोलार मार्ग, भोपाल |
| City | मुखर्जी नगर |
| Postal code | 462042 |
| Telephone number | 9826051959 |
| Electronic mail address | saptavarnisodhpeeth@gmail.com |
| 300 ## - PHYSICAL DESCRIPTION | |
| Extent | xxi,172पृ. |
| Dimensions | 22सेमी (सजिल्द ) |
| 700 ## - ADDED ENTRY--PERSONAL NAME | |
| Personal name | बिनय षड़गी राजाराम |
| 9 (RLIN) | 80360 |
| 942 ## - ADDED ENTRY ELEMENTS (KOHA) | |
| Source of classification or shelving scheme | Dewey Decimal Classification |
| Item type | Hindi Books |
| Classification part | 709.54 |
| Call number suffix | राजारा |
| Edition | प्रथम |
| Withdrawn status | Lost status | Not for loan | Collection code | Home library | Current library | Date acquired | Source of acquisition | Cost, normal purchase price | Full call number | Barcode | Copy number | Cost, replacement price | Koha item type |
|---|---|---|---|---|---|---|---|---|---|---|---|---|---|
| Non-fiction | Ashok Vihar | Ashok Vihar | 07/04/2025 | DBAD | 500.00 | 709.54 राजारा | HN-101983 | 1 | 500.00 | Hindi Books |
